00330nam a2200109Ia 450000500170000000800460001703700290006304000200009204100130011208400280012524500670015320250508160020.0008 250505s9999 xx 000 0 eng d aBooks to be hide in OPAC aFEDLbengcFEDL aeng2eng a351.109 42, WHI/OqFEDL 0aEstimates for civil services for the year ending 31 March 1915